<?xml version="1.0" encoding="UTF-8"?>
<collection xmlns="http://www.loc.gov/MARC21/slim">
<record>
  <controlfield tag="001">142539</controlfield>
  <controlfield tag="005">20221214062505.0</controlfield>
  <datafield tag="024" ind1="7" ind2=" ">
    <subfield code="2">HGFVOC</subfield>
    <subfield code="a">LIC:(DE-HGF)CCBYNCND3AU</subfield>
  </datafield>
  <datafield tag="035" ind1=" " ind2=" ">
    <subfield code="a">LIC:(DE-HGF)CCBYNCND3AU</subfield>
  </datafield>
  <datafield tag="150" ind1=" " ind2=" ">
    <subfield code="a">Creative Commons Attribution-NonCommercial-NoDerivs CC BY-NC-ND 3.0 AU</subfield>
  </datafield>
  <datafield tag="680" ind1=" " ind2=" ">
    <subfield code="a">This license is the most restrictive of our six main licenses, only allowing others to download your works and share them with others as long as they credit you, but they can’t change them in any way or use them commercially.</subfield>
  </datafield>
  <datafield tag="856" ind1="4" ind2=" ">
    <subfield code="u">https://creativecommons.org/licenses/by-nc-nd/3.0/au</subfield>
    <subfield code="y">License Deed</subfield>
  </datafield>
  <datafield tag="856" ind1="4" ind2=" ">
    <subfield code="u">https://creativecommons.org/licenses/by-nc-nd/3.0/au/legalcode</subfield>
    <subfield code="y">Legal Code</subfield>
  </datafield>
  <datafield tag="909" ind1="C" ind2="O">
    <subfield code="o">oai:juser.fz-juelich.de:908934</subfield>
    <subfield code="p">authority:HGFVOC</subfield>
    <subfield code="p">authority</subfield>
  </datafield>
  <datafield tag="980" ind1=" " ind2=" ">
    <subfield code="a">HGFVOC</subfield>
  </datafield>
  <datafield tag="980" ind1=" " ind2=" ">
    <subfield code="a">AUTHORITY</subfield>
  </datafield>
  <datafield tag="909" ind1="C" ind2="O">
    <subfield code="o">oai:juser.fz-juelich.de:908934</subfield>
  </datafield>
</record>
</collection>